Eléments de biologie humaine, embryologie et histologie (Record no. 16861)
[ view plain ]
| 000 -LEADER | |
|---|---|
| fixed length control field | 00441 a2200205 4500 |
| 035 ## - SYSTEM CONTROL NUMBER | |
| System control number | 3252 |
| 035 ## - SYSTEM CONTROL NUMBER | |
| System control number | 3604 |
| 035 ## - SYSTEM CONTROL NUMBER | |
| System control number | 3605 |
| 035 ## - SYSTEM CONTROL NUMBER | |
| System control number | 3606 |
| 035 ## - SYSTEM CONTROL NUMBER | |
| System control number | 3607 |
| 035 ## - SYSTEM CONTROL NUMBER | |
| System control number | 3608 |
| 100 ## - VEDETTE PRINCIPALE - NOM DE PERSONNE | |
| Personal name | Czyba, J. C. |
| 250 ## - EDITION STATEMENT | |
| Edition statement | 2ème éd. |
| 245 ## - TITLE STATEMENT | |
| Title | Eléments de biologie humaine, embryologie et histologie |
| 260 ## - PUBLICATION, DISTRIBUTION, ETC. (IMPRINT) | |
| Date of publication, distribution, etc | 1968 |
| 300 ## - PHYSICAL DESCRIPTION | |
| Extent | 249 p. |
| Withdrawn status | Lost status | Damaged status | Not for loan | Location (home branch) | Sublocation or collection (holding branch) | Date acquired | Koha issues (times borrowed) | Koha full call number | Koha date last seen | Price effective from | Koha item type |
|---|---|---|---|---|---|---|---|---|---|---|---|
| Bibliothèque Faculté des Sciences de la Santé | Bibliothèque Faculté des Sciences de la Santé | 27/02/2009 | QH 307 CZY | 27/02/2009 | 27/02/2009 | Livre |